=LDR 00000nam 2200000 4500 =001 INLIS000000000026288 =005 20130612124735 =008 ***********************************Ind** =035 ##$$0010-061300000026288 =041 ##$$a Ind =082 ##$$a 005.715 =090 ##$$a 005.715, Fat b =100 ##$$a Fathansyah =245 ##$$a Basis data, Fathansyah =260 ##$$a 2001 $b Bandung =300 ##$$a 211 hlm, ilus, 21 cm =650 ##$$a Komputer =850 ##$$a NBPNMAT